| 000 | 01175cam a22001934a 4500 | ||
|---|---|---|---|
| 999 |
_c6947 _d6947 |
||
| 020 | _a141883730X | ||
| 022 | _a9781418837303 | ||
| 050 | 0 | 0 |
_aQA76.76.O63 _b.Ec5 |
| 100 | 1 | _aEckert, Jason W. | |
| 245 | 1 | 0 |
_aGetting started with Linux : _bNovell's guide to CompTIA's Linux+ (Course 3060) / _cNovell and Jason W. Eckert. |
| 260 |
_aBoston, Mass. : _bThomson/Course Technology, _cc2007. |
||
| 300 |
_axix, 824 p. : _bill. ; _c23 cm. + _e2 DVDs |
||
| 500 | _a"Novell authorized courseware"--Cover. | ||
| 500 | _aIncludes index. | ||
| 505 | _a1. Linux Basics and SLES 9 Installation 2. Use the Linux Desktop 3. Locate and Use Help Resources in the Linux system 4. Use the YaST Management Utility 5. Manage Directories and Files in the Linux System 6. Work with the Linux Shell and Edit Text Files 7. Use the Command Line Interface to Administer the System 8. Processes, Jobs, and Runlevels 9. Manage the Network configuration 10. Manage Network Services: DNS, and file and print services 11. Manage network services: NIS, Mail, and xinetd 12. Manage Security 13. Hardware Basics | ||
| 650 | 0 | _aOperating systems (Computers). | |
| 710 | 2 | _aNovell, Inc. | |
| 942 | _cBK | ||